<?xml version="1.0" encoding="UTF-8"?>
<record
    xmlns:xsi="http://www.w3.org/2001/XMLSchema-instance"
    xsi:schemaLocation="http://www.loc.gov/MARC21/slim http://www.loc.gov/standards/marcxml/schema/MARC21slim.xsd"
    xmlns="http://www.loc.gov/MARC21/slim">

  <leader>01051nam a2200241Ia 4500</leader>
  <controlfield tag="003">Ost</controlfield>
  <controlfield tag="005">20260507075803.0</controlfield>
  <controlfield tag="008">260507s9999||||xx |||||||||||||| ||und||</controlfield>
  <datafield tag="020" ind1=" " ind2=" ">
    <subfield code="a">9789961014073</subfield>
  </datafield>
  <datafield tag="040" ind1=" " ind2=" ">
    <subfield code="c">fsecg</subfield>
  </datafield>
  <datafield tag="041" ind1=" " ind2=" ">
    <subfield code="a">ara</subfield>
  </datafield>
  <datafield tag="082" ind1=" " ind2=" ">
    <subfield code="a">519.5</subfield>
  </datafield>
  <datafield tag="100" ind1=" " ind2=" ">
    <subfield code="a">&#x639;&#x632;&#x648;&#x632;&#x60C; &#x639;&#x628;&#x62F; &#x627;&#x644;&#x631;&#x632;&#x627;&#x642;</subfield>
    <subfield code="e">&#x645;&#x624;&#x644;&#x641;</subfield>
  </datafield>
  <datafield tag="245" ind1=" " ind2="0">
    <subfield code="a">&#x627;&#x644;&#x643;&#x627;&#x645;&#x644; &#x641;&#x64A; &#x627;&#x644;&#x627;&#x62D;&#x635;&#x627;&#x621; :</subfield>
    <subfield code="b"> &#x62F;&#x631;&#x648;&#x633; &#x645;&#x641;&#x635;&#x644;&#x629; &#x60C; &#x62A;&#x645;&#x627;&#x631;&#x64A;&#x646; &#x648; &#x645;&#x633;&#x627;&#x626;&#x644; &#x645;&#x639; &#x627;&#x644;&#x62D;&#x644;&#x648;&#x644; /</subfield>
    <subfield code="c"> &#x639;&#x628;&#x62F; &#x627;&#x644;&#x631;&#x632;&#x627;&#x642; &#x639;&#x632;&#x648;&#x632;</subfield>
  </datafield>
  <datafield tag="260" ind1=" " ind2=" ">
    <subfield code="a">&#x627;&#x644;&#x62C;&#x632;&#x627;&#x626;&#x631;: </subfield>
    <subfield code="b">&#x62F;&#x64A;&#x648;&#x627;&#x646; &#x627;&#x644;&#x645;&#x637;&#x628;&#x648;&#x639;&#x627;&#x62A; &#x627;&#x644;&#x62C;&#x627;&#x645;&#x639;&#x64A;&#x629;, </subfield>
    <subfield code="c">2011</subfield>
  </datafield>
  <datafield tag="300" ind1=" " ind2=" ">
    <subfield code="a">271  &#x635;&#x641;&#x62D;&#x629;&#x61B; </subfield>
    <subfield code="b">&#x625;&#x64A;&#x636;&#x627;&#x62D;&#x627;&#x62A; &#x61B;</subfield>
    <subfield code="c">27 &#x633;&#x645;</subfield>
  </datafield>
  <datafield tag="504" ind1=" " ind2=" ">
    <subfield code="a">&#x628;&#x628;&#x644;&#x64A;&#x648;&#x639;&#x631;&#x627;&#x641;&#x64A;&#x627; &#x635;.269</subfield>
  </datafield>
  <datafield tag="520" ind1=" " ind2=" ">
    <subfield code="a">&#x64A;&#x62A;&#x646;&#x627;&#x648;&#x644; &#x627;&#x644;&#x643;&#x62A;&#x627;&#x628; &#x645;&#x642;&#x627;&#x64A;&#x64A;&#x633; &#x627;&#x644;&#x634;&#x643;&#x644; &#x648; &#x627;&#x644;&#x62A;&#x645;&#x631;&#x643;&#x632; &#x60C; &#x627;&#x644;&#x627;&#x631;&#x642;&#x627;&#x645; &#x627;&#x644;&#x642;&#x64A;&#x627;&#x633;&#x64A;&#x629; &#x60C; &#x627;&#x644;&#x62A;&#x648;&#x632;&#x64A;&#x639;&#x627;&#x62A; &#x627;&#x644;&#x627;&#x62D;&#x635;&#x627;&#x626;&#x64A;&#x629; &#x62F;&#x627;&#x62A; &#x628;&#x639;&#x62F;&#x64A;&#x646; &#x60C;&#x627;&#x644;&#x62A;&#x648;&#x641;&#x64A;&#x642; &#x648; &#x627;&#x644;&#x627;&#x631;&#x62A;&#x628;&#x627;&#x637;&#x60C; &#x645;&#x633;&#x627;&#x626;&#x644; &#x645;&#x62A;&#x646;&#x648;&#x639;&#x629;.</subfield>
  </datafield>
  <datafield tag="653" ind1=" " ind2=" ">
    <subfield code="a">&#x627;&#x644;&#x627;&#x62D;&#x635;&#x627;&#x621;</subfield>
  </datafield>
  <datafield tag="653" ind1=" " ind2=" ">
    <subfield code="a">&#x627;&#x644;&#x627;&#x62D;&#x635;&#x627;&#x621; &#x627;&#x644;&#x631;&#x64A;&#x627;&#x636;&#x64A;</subfield>
  </datafield>
  <datafield tag="653" ind1=" " ind2=" ">
    <subfield code="a">&#x627;&#x644;&#x627;&#x633;&#x62A;&#x62F;&#x644;&#x627;&#x644; &#x627;&#x644;&#x627;&#x62D;&#x635;&#x627;&#x626;&#x64A; </subfield>
  </datafield>
  <datafield tag="942" ind1=" " ind2=" ">
    <subfield code="c">&#x643;&#x62A;&#x627;&#x628;</subfield>
  </datafield>
  <datafield tag="952" ind1=" " ind2=" ">
    <subfield code="0">0</subfield>
    <subfield code="1">0</subfield>
    <subfield code="2">lcc</subfield>
    <subfield code="4">0</subfield>
    <subfield code="7">-1</subfield>
    <subfield code="a">fsecg</subfield>
    <subfield code="b">fsecg</subfield>
    <subfield code="d">2026-05-07</subfield>
    <subfield code="h">&#x627;&#x644;&#x637;&#x627;&#x628;&#x642; &#x627;&#x644;&#x623;&#x631;&#x636;&#x64A;</subfield>
    <subfield code="i">025.21/605</subfield>
    <subfield code="l">0</subfield>
    <subfield code="o">538/025.21&#x62C;2&#x646;01</subfield>
    <subfield code="p">025.21/605</subfield>
    <subfield code="r">2026-05-07 07:58:03</subfield>
    <subfield code="w">2026-05-07</subfield>
    <subfield code="y">&#x643;&#x62A;&#x627;&#x628;</subfield>
  </datafield>
  <datafield tag="999" ind1=" " ind2=" ">
    <subfield code="c">46336</subfield>
    <subfield code="d">46336</subfield>
  </datafield>
</record>
